000 01332nam2a2200253 4500
001 RU\NLR\BIBL_A\010879359
005 20250624194000.0
010 _a978-5-4446-0630-8
_9250
021 _aRU
_b2015-77611
_94694
035 _a(NLR Aleph) 010879359
090 _a10496676
_c10496676
100 _a20151102d2015 |||y0rusy50 ca
101 0 _arus
102 _aRU
105 _aa|||z|||000yy
200 0 _a... в 2014 году
_f[сост.: уполномоч. по правам человека в Воронеж. обл. Т.Д. Зражевская]
210 _d2015
_aБ. м.
215 _a98, [1] с.
_cцв. ил.
320 _aБиблиогр. в подстроч. примеч.
461 0 _1001RU\NLR\BIBL_A\010305741
_12001#$aДоклад о соблюдении прав человека в Воронежской области...$fУполномоч. по правам человека в Воронеж. обл.$v... в 2014 году
_910616309
_cВоронеж
_d2012
_fУполномоч. по правам человека в Воронеж. обл.
_nНаучная книга
_tДоклад о соблюдении прав человека в Воронежской области...
_v... в 2014 году
942 _cBOOK
980 _aNB